1222 1776 1520 1074 1264 1257 1864 1458 1964 1157 1001 1556 1802 1044 1589 1497 1557 1069 1476 1650 1503 1247 1188 1895 1410 1573 1112 1496 1393 1786 1333 1793 1557 1968 1007 1774 1524 1877 1725 1863 1824 1547 1565 1850 1584 1940 1920 1808 1595 1509 1392 1112 1303 1627 1760 1163 1926 1519 1753 1448 1005 1254 1118 1401 1837 1316 1192 1143 1418 1523 1260 1761 1395 1677 1650 1486 1511 1580 1802 1343 1890 1866 1087 1577 1781 1683 1786 1227 1725 1330 1027 1029 1555 1168 1590 1995 1170 1562 1871 BCNSPRNW ULIB Ver.6.0+V

เปลี่ยนเป็นภาษาไทย

Change to English
 แสดงรายละเอียดบรรณานุกรม
  กลับหน้าหลัก

Brief Record : Get Marc (ISO 2709) : E-mail record : QR code < ปิดหน้าต่าง
LEADER : 00000nam 2200000uu 4500
001    13399121943
003     ULIB
008    121214s2545||||th 000 0 tha d
020    ^a9789747597554
090    ^aนว.^bท459ฮ
100    ^aเจ.อาร์.อาร์.โทลคีน
245    ^aฮอบบิท/^cเจ.อาร์.อาร์.โทลคีน
260    ^aกรุงเทพฯ :^bแพรวเยาวชน,^c2545
300    ^a363 หน้า
945    ^p245^l0^i014806
995    ^aวิภา
999 ^a ทศพร
รายการนี้ยังไม่มีแท็ก
คุณยังไม่ได้ล็อกอิน คุณสามารถมีกิจกรรมร่วมกับเว็บไซต์ได้ แต่ต้องล็อกอินก่อน ::
  ล็อกอิน

รายการสื่อสารสนเทศ

ลำดับที่ ประเภท เลขเรียก/บาร์โค้ด สถานที่ สถานะ
1. นวนิยาย
นวนิยาย
นว. ท459ฮ  
  Barcode: 014806
ห้องสมุดวิทยาเขตสวรรค์ประชารักษ์
►นวนิยาย
บนชั้น
  ขอยืม

BibComment

คอมเมนท์ทรัพยากรรายการนี้
  คอมเมนท์: ฮอบบิท เจอาร์อาร..
   [แสดง 1/1 รายการ]
นางสาวนุชศรา พรมชัย
สนุกมาก  กับเรื่องราวการผจญภัยที่น่าตื่นเต้น
อ่านเวลาว่าง  ฝึกสมาธิ  เพิ่มจินตนาการ

#1 
เมื่อ 14:21 14/มิถุนายน/2556 (12 ปี 10 เดือนที่แล้ว) แจ้งลบ
   [แสดง 1/1 รายการ]
คอมเมนท์ทรัพยากรรายการนี้
  คอมเมนท์: ฮอบบิท เจอาร์อาร..

สมาชิกที่บันทึกรายการนี้ไว้ในรายการโปรด
นางสาวนุชศรา พรมชัย

 Copyright 2026. Bcnsprnw @Library